header

Ever Lost (Record no. 260499)

MARC details
000 -LEADER
fixed length control field 00213nam a22000977a 4500
020 ## - INTERNATIONAL STANDARD BOOK NUMBER
ISBN 9781416997498
100 ## - MAIN ENTRY--AUTHOR NAME
Personal name Neal Shusterman
245 ## - TITLE STATEMENT
Title Ever Lost
260 ## - PUBLICATION, DISTRIBUTION, ETC. (IMPRINT)
Place of publication New York
Name of publisher Simon & Schuster
Year of publication 2006
942 ## - ADDED ENTRY ELEMENTS (KOHA)
Koha item type Long Loan Books
Holdings
Withdrawn status Lost status Collection code Home library Current library Shelving location Date acquired Accession Number Koha item type
    Fiction Rongo University Library Rongo University Library Children's Area 24/08/2023 CL20222375 Long Loan Books

© 2026 Rongo University
Contact us: librarian | system librarian | Rongo university